00908cam a2200229 i 45000010009000000050017000090080041000260100017000670200018000840400028001020420008001300500023001380820014001611000038001752450125002132600050003383000047003885040051004355200136004866500020006227000036006422130276520230622100259.0191122s2020 maua b 001 0 eng  a 2019053969 a9780262044233 aDLCbengerdacDLCdDLC apcc00aHB172 b.E855 202000a338.52231 aEspinola-Arredondo, Ana,eauthor.10aIntermediate microeconomic theory :btools and step-by-step examples /cAna Espinola-Arredondo and Felix Muñoz-Garcia. aMassachusetts:bMIT Press, Cambridge,c 2020. axxiii, 478 pages :billustrations ;c23 cm aIncludes bibliographical references and index. a"An intermediate microeconomics textbook geared for students in need of a more hands-on, less rigorous treatment of the material"-- 0aMicroeconomics.1 aMuñoz-Garcia, Felix,eauthor.